000 00961nam a2200361Ia 4500
003 OSt
005 20260408161947.0
008 210210b2013 xxu||||| |||| 00| 0 eng d
020 _a9788132110019
040 _cAL
041 _aHindi
082 _a306.7660954 SINP
100 _aSING (Suneeta)
_9260926
245 _aPeople stronger:the collectivization of MSM and TG groups in India
260 _aLondon
_bSage Publications
_c2013
300 _a158
650 _atransgender
_9260927
650 _aThird Gender
_9260928
650 _astronger:the
_9260929
650 _aPeople
_9260930
650 _aMSM
_9260931
650 _aLGBT
_9260932
650 _aLesbian
_9260933
650 _aIndia
_9260934
650 _agroups
_9260935
650 _agay
_9260936
650 _acollectivization
_9260937
650 _abisexual
_9260938
690 _aSexes
_9260939
700 _aDASGUPTA (Sangita)
_9260940
906 _a074295
942 _2ddc
_cBK
999 _c124085
_d124085